El control judicial de los medios de comunicacin̤

Detalles Bibliográficos
Autor principal: Gavara de Cara, Juan Carlo
Formato: Software Libro
Lenguaje:español
Publicado: Barcelona J.M. Bosch Editor 2015
Materias:
Acceso en línea:Acceso restringido

MARC

LEADER 00000nam a22000007a 4500
005 20151105104957.0
007 cz|||| ||u|
008 151105s2015 sp ||||| |||| 00| 0 spa d
020 |a 9788494350788 
035 |a 12935 
040 |a vLex 
090 |c 5665  |d 5665 
100 1 |a Gavara de Cara, Juan Carlo 
245 1 3 |a El control judicial de los medios de comunicacin̤  |h [Recurso electrn̤ico] /  |c Juan Carlos Gavara de Cara  
256 |a Servicio en ln̕ea 
260 |a Barcelona   |b J.M. Bosch Editor  |c 2015 
300 |a 1 recurso electrn̤ico  
500 |a  El presente trabajo se ha centrado en el anl̀isis del control judicial y los parm̀etros utilizados por la jurisprudencia para resolver las colisiones entre derechos en materia de medios de comunicacin̤, tanto desde una perspectiva comparada como del propio ordenamiento jurd̕ico interno. Los actuales sistemas de control de los medios de comunicacin̤ tienden a confluir, con interconexiones entre los diferentes mecanismos de ejercicio del control, que se pueden caracterizar como actividades de autorregulacin̤, corregulacin̤ y de regulacin̤. La actividad de ponderacin̤ judicial tiende a objetivizar los comportamientos, de forma que se puede decir que configuran parm̀etros que funcionan como normas y que recaen sobre la responsabilidad de los medios para determinar la importancia del objeto o contenido de la informacin̤ o el cumplimiento de un cd̤igo ťico de carc̀ter profesional. La importancia creciente de los medios de comunicacin̤ audiovisual implicar ̀que se extienda los parm̀etros combinados de control a los otros medios de comunicacin̤ como la prensa escrita, que deber ̀adoptar criterios de autorregulacin̤, corregulacin̤ y de regulacin̤ similares a los utilizados en la Ley General de Comunicacin̤ Audiovisual y compatibles entre s.̕ 
506 1 |a Contenido solo disponible en los productos indicados  |d vLex Global  |d vLex Global (Academic Edition, excluding Law Schools)  |d vLex Global (U.S. Academic Edition, Law Schools)  |d vLex Global (U.S. Academic Edition, excluding Law Schools)  |d vLex Global (Academic Edition, Law Schools) 
650 0 4 |a Mitjans de comunicaci ̤de massa--Dret i legislaci ̤  |z Espaą 
740 0 |a vLex libros (servicio en ln̕ea)  
856 4 0 |u http://vlex.com/source/control-judicial-de-los-medios-de-comunicacion-12935  |z Acceso restringido 
942 |c BOOK 
999 0 |a Mass media--Law and legislation)